| 000 | 01821nam a2200277Ia 4500 | ||
|---|---|---|---|
| 999 |
_c55045 _d55045 |
||
| 001 | 22120 | ||
| 003 | GE_BSU | ||
| 005 | 20221101150649.0 | ||
| 008 | 181216s ||||ge |||||||||||||| ||geo|| | ||
| 020 | _a9789941951237 | ||
| 040 | _cGE_BSU | ||
| 041 | _ageo | ||
| 080 | _a342.743(479.22)(075.8) რ-72 | ||
| 100 |
_aროგავა, ზვიად _99239 |
||
| 245 |
_aსაგადასახადო სამართალი დამხმარე სახელმძღვანელო წ. 3 : _bსაშემოსავლო გადასახადი. მოგების გადასახადი. დამატებული ღირებულების გადასახადი. აქციზი. იმპორტის გადასახადი. ქონების გადასახადი / _cზვიად როგავა ; რედაქტორი მაია კოპალეიშვილი. |
||
| 264 |
_aთბილისი : _bიურისტების სამყარო _c2017. |
||
| 300 |
_a440 გვ. ; _c23 სმ. |
||
| 541 | _h27ლ. | ||
| 546 | _aთავფურცლის მე-3 გვერდი ინგლისურ ენაზე | ||
| 653 | _aსაგადასახადო სამართალი | ||
| 653 | _aდამხმარე სახელმძღვანელო წ. 3 | ||
| 653 | _aსაქართველოს საგადასახადო სამართალი | ||
| 653 | _a სახელმძღვანელო უმაღლესი სასწავლებლებისათვის | ||
| 700 |
_aკოპალეიშვილი, მაია _eრედაქტორი _915695 |
||
| 942 |
_cBK _2udc |
||